Informačné databázy pre podnikateľov v Slovenskej technickej knižnici

Možnosti, ktoré podnikateľom prostredníctvom Centra vedecko-technických informácií SlTK sprístupňuje z informačných databáz (Dialog, Data-Star, SNT-International) formou bibliografických a faktografických informácií.

Na minha lista:
Detalhes bibliográficos
Autor principal: Lajčiaková, D.
Formato: Capítulo de Livro
Idioma:eslovaco
Assuntos:
Tags: Adicionar Tag
Sem tags, seja o primeiro a adicionar uma tag!

MARC

LEADER 00000naa a2200000 4500
001 r014526
005 20221213114447.2
041 0 |a slo 
044 |a SK 
245 1 0 |a Informačné databázy pre podnikateľov v Slovenskej technickej knižnici  |c D. Lajčiaková 
520 |a Možnosti, ktoré podnikateľom prostredníctvom Centra vedecko-technických informácií SlTK sprístupňuje z informačných databáz (Dialog, Data-Star, SNT-International) formou bibliografických a faktografických informácií. 
610 2 0 |a systémy informačné 
610 2 0 |a podnikanie 
610 2 0 |a zabezpečenie informačné 
610 2 0 |a Slovenská technická knižnica Bratislava 
610 2 0 |a informácie faktografické 
100 1 |a Lajčiaková, D.